000 00812nam a22001817a 4500
999 _c371233
_d371233
008 201127b ||||| |||| 00| 0 eng d
040 _aDE-2950
_bger
_cDE-2950
_erda
041 _ager
245 _aEin bürokratisches Ärgernis.
_bVerwaltung: Eine Geburtsurkunde, die noch in der DDR ausgestellt wurde, sowie Personalmangel im Standesamt Frankfurt lassen René Rühr fast verzweifeln. Denn der Frankfurter steht unter Zeitdruck. Er muss eine Bewerbung abschicken /
_nJacqueline Westermann
264 _c2021
653 _aFrankfurt (Oder)
653 _aStandesamt
773 _dFrankfurt (Oder) Märkisches Verlags- und Druckhaus GmbH & Co KG
_tMärkische Oderzeitung
_g32. Jahrgang (2021) Nr. 292 vom 14.12.2021, S. 15
942 _cA